[Event "Chigorin Memorial 30th"]
[Site "St Petersburg"]
[Date "2023.10.26"]
[Round "6"]
[White "Marinskii, Yurii"]
[Black "Gamilova, Regina"]
[Result "1-0"]
[WhiteElo "2030"]
[BlackElo "1678"]
[PlyCount "135"]
[EventDate "2023.10.21"]
[EventType "swiss"]
[EventRounds "9"]
[EventCountry "RUS"]
[SourceTitle "Mega2024 Update 01"]
[Source "Chessbase"]
[SourceDate "2023.11.12"]
[SourceVersion "1"]
[SourceVersionDate "2023.11.12"]
[SourceQuality "1"]

1. e4 c6 2. f4 d5 3. e5 Bf5 4. d3 e6 5. g3 c5 6. Bg2 Nc6 7. Be3 h5 8. h3 Be7 9. Nf3 Nh6 10. 0-0 Qb6 11. b3 a5 12. Nc3 Qa6 13. a4 Rc8 14. Nb5 Na7 15. c4 d4 16. Bf2 Nc6 17. Ng5 Nb4 18. Ne4 Bxe4 19. Bxe4 g6 20. Qf3 Nc6 21. Be1 Nf5 22. Bd2 h4 23. g4 Ng3 24. Rfe1 Nxe4 25. Qxe4 Kd7 26. Kf2 Rcg8 27. Ke2 Nb4 28. Na3 Qc6 29. Bxb4 Qxe4+ 30. dxe4 axb4 31. Nb1 Kc6 32. Kd3 Bd8 33. g5 Bc7 34. Rd1 Rh5 35. Rg1 b6 36. Nd2 Kd7 37. Nf3 Bd8 38. Nh2 Rh7 39. Ng4 Rf8 40. a5 bxa5 41. Rxa5 Bxa5 42. Nf6+ Kc6 43. Nxh7 Rh8 44. Nf6 Bd8 45. Ng4 Be7 46. Ra1 Kb6 47. Ra2 Bd8 48. Ke2 Bc7 49. Kf3 Rd8 50. Nh2 Kb7 51. Kg4 d3 52. Nf3 Kc6 53. Kxh4 Rh8+ 54. Kg4 Rd8 55. h4 Rh8 56. Rd2 Ra8 57. h5 gxh5+ 58. Kxh5 Rh8+ 59. Kg4 Rh1 60. Rxd3 Rc1 61. Kg3 Rc3 62. Rxc3 bxc3 63. Ne1 Kd7 64. Kf3 Ke7 65. Ke2 Kf8 66. Nd3 Bb6 67. Kd1 Kg7 68. f5 1-0

[Event "Chigorin Memorial 30th"]
[Site "St Petersburg"]
[Date "2023.10.24"]
[Round "4"]
[White "Shuvalov, Evgenij"]
[Black "Gamilova, Regina"]
[Result "1/2-1/2"]
[WhiteElo "2073"]
[BlackElo "1678"]
[PlyCount "81"]
[EventDate "2023.10.21"]
[EventType "swiss"]
[EventRounds "9"]
[EventCountry "RUS"]
[SourceTitle "Mega2024 Update 01"]
[Source "Chessbase"]
[SourceDate "2023.11.12"]
[SourceVersion "1"]
[SourceVersionDate "2023.11.12"]
[SourceQuality "1"]

1. d4 Nf6 2. c4 e6 3. Nf3 Bb4+ 4. Bd2 a5 5. e3 0-0 6. Bd3 d5 7. Bxb4 axb4 8. Nbd2 b6 9. Qc2 Bb7 10. cxd5 exd5 11. 0-0 Nbd7 12. Ne5 g6 13. Nc6 Bxc6 14. Qxc6 Ra7 15. a4 bxa3 16. Rxa3 Qa8 17. Rc3 Qxc6 18. Rxc6 Ra2 19. Rb1 Rc8 20. Bc2 Ne8 21. Bb3 Ra5 22. Rbc1 Rca8 23. Kf1 Nb8 24. R6c3 Na6 25. Nf3 Nd6 26. Nd2 Rd8 27. Bd1 Nb5 28. Rd3 Nd6 29. Bf3 Kg7 30. Ra3 Rxa3 31. bxa3 Ne8 32. Be2 Ra8 33. Bb5 Kf6 34. Nf3 c5 35. Bxa6 Rxa6 36. dxc5 bxc5 37. Rxc5 Rxa3 38. Rxd5 h6 39. g4 Kg7 40. Kg2 Nf6 41. Rd4 1/2-1/2

[Event "Chigorin Memorial 30th"]
[Site "St Petersburg"]
[Date "2023.10.21"]
[Round "1"]
[White "Gamilova, Regina"]
[Black "Alpin, Maxim"]
[Result "0-1"]
[WhiteElo "1678"]
[BlackElo "2158"]
[PlyCount "82"]
[EventDate "2023.10.21"]
[EventType "swiss"]
[EventRounds "9"]
[EventCountry "RUS"]
[SourceTitle "Mega2024 Update 01"]
[Source "Chessbase"]
[SourceDate "2023.11.12"]
[SourceVersion "1"]
[SourceVersionDate "2023.11.12"]
[SourceQuality "1"]

1. e4 c5 2. Nf3 e6 3. d4 cxd4 4. Nxd4 Nf6 5. Nc3 Nc6 6. Ndb5 Bb4 7. a3 Bxc3+ 8. Nxc3 d5 9. exd5 exd5 10. Bd3 0-0 11. 0-0 d4 12. Ne2 Bg4 13. f3 Bh5 14. Nf4 Bg6 15. Nxg6 hxg6 16. f4 Ne7 17. Qf3 Qb6 18. Bd2 Nf5 19. Rfe1 Rfe8 20. b3 Ne3 21. Bxe3 dxe3 22. Re2 Re7 23. Kf1 Rae8 24. a4 Qd4 25. Rae1 a6 26. g3 Nd5 27. Rc1 Nc3 28. Ree1 e2+ 29. Kg2 Na2 30. Rb1 Nc3 31. Rbc1 b5 32. axb5 axb5 33. h4 Re3 34. Qg4 Qd5+ 35. Kh2 Rf3 36. Qh3 Rf2+ 37. Kg1 Qd4 38. Kh1 Qe3 39. Ra1 Qf3+ 40. Kg1 Nd5 41. Bxb5 Nxf4 0-1

[Event "Cheliabinsk Lozovatsky Memorial-B"]
[Site "Cheliabinsk"]
[Date "2023.02.02"]
[Round "7"]
[White "Gamilova, Regina"]
[Black "Dimovski, Aleksandra"]
[Result "1-0"]
[WhiteElo "1627"]
[BlackElo "2010"]
[PlyCount "57"]
[EventDate "2023.01.27"]
[EventType "swiss"]
[EventRounds "10"]
[EventCountry "RUS"]
[SourceTitle "CBM 212 Extra"]
[Source "ChessBase"]
[SourceDate "2023.03.31"]
[SourceVersion "1"]
[SourceVersionDate "2023.03.31"]
[SourceQuality "1"]

1. e4 e6 2. d4 d5 3. Nd2 Nc6 4. Ngf3 Nf6 5. e5 Nd7 6. Bd3 f6 7. exf6 Qxf6 8. Nf1 h6 9. Ne3 Bd6 10. 0-0 0-0 11. c3 Qf7 12. Bc2 Qh5 13. h3 Nf6 14. c4 b6 15. b3 Nb4 16. Bb1 c5 17. a3 Nc6 18. Bb2 cxd4 19. Nxd4 Nxd4 20. Qxd4 e5 21. Qd3 e4 22. Qd1 Qg6 23. Bxf6 Qxf6 24. Qxd5+ Kh8 25. Qxe4 Kg8 26. Qxa8 Bc5 27. Be4 Bxh3 28. Qd5+ Be6 29. Qxe6+ 1-0

[Event "Cheliabinsk Lozovatsky Memorial-B"]
[Site "Cheliabinsk"]
[Date "2023.01.29"]
[Round "3"]
[White "Danilova, Rada"]
[Black "Gamilova, Regina"]
[Result "1-0"]
[WhiteElo "2015"]
[BlackElo "1627"]
[PlyCount "95"]
[EventDate "2023.01.27"]
[EventType "swiss"]
[EventRounds "10"]
[EventCountry "RUS"]
[SourceTitle "CBM 212 Extra"]
[Source "ChessBase"]
[SourceDate "2023.03.31"]
[SourceVersion "1"]
[SourceVersionDate "2023.03.31"]
[SourceQuality "1"]

1. d4 Nf6 2. c4 e6 3. Nf3 Bb4+ 4. Bd2 Qe7 5. g3 Nc6 6. Nc3 d5 7. Bg2 dxc4 8. 0-0 0-0 9. Qc2 Rd8 10. Bg5 h6 11. Bxf6 Qxf6 12. Ne4 Qg6 13. Rfd1 Be7 14. Ne5 Nxe5 15. dxe5 Bd7 16. Qxc4 Bc6 17. Nc3 Bxg2 18. Qxc7 Bc6 19. Qxe7 Rxd1+ 20. Rxd1 Qf5 21. Rd8+ Rxd8 22. Qxd8+ Kh7 23. Qd3 Kg6 24. f4 Qxd3 25. exd3 Kf5 26. Kf2 g5 27. fxg5 hxg5 28. d4 a6 29. b4 Kg4 30. Nd1 Kf5 31. Ke3 Bd5 32. a3 Bc6 33. Nf2 g4 34. Nd1 Ba4 35. Nc3 Bc6 36. a4 b5 37. a5 Bb7 38. Ne2 Bc6 39. Nc1 Be8 40. Nd3 Bd7 41. Nc5 Bc8 42. Ne4 Bd7 43. Nd6+ Kg6 44. Kf4 f5 45. exf6 Kxf6 46. Ne4+ Ke7 47. Ke5 Kd8 48. Nf6 1-0

[Event "Cheliabinsk Panchenko Memorial op-B"]
[Site "Cheliabinsk"]
[Date "2022.09.21"]
[Round "10"]
[White "Gamilova, Regina"]
[Black "Melkozerova, Ulyana"]
[Result "1-0"]
[WhiteElo "1644"]
[BlackElo "1379"]
[PlyCount "53"]
[EventDate "2022.09.12"]
[EventType "swiss"]
[EventRounds "10"]
[EventCountry "RUS"]
[SourceTitle "CBM 210 Extra"]
[Source "ChessBase"]
[SourceDate "2022.11.30"]
[SourceVersion "1"]
[SourceVersionDate "2022.11.30"]
[SourceQuality "1"]

1. e4 c5 2. Nf3 e6 3. d4 cxd4 4. Nxd4 Nf6 5. Nc3 d6 6. g4 h6 7. h4 Nc6 8. Rg1 h5 9. gxh5 Nxh5 10. Bg5 Nf6 11. Nxc6 bxc6 12. Qf3 Be7 13. 0-0-0 Qb6 14. e5 dxe5 15. Ne4 Nxe4 16. Qxe4 Rb8 17. b3 f6 18. Qg6+ Kf8 19. Be3 Ba3+ 20. Kb1 Qc7 21. Rd8+ Qxd8 22. Qxg7+ Ke8 23. Qxh8+ Kd7 24. Qh7+ Qe7 25. Rg7 Qxg7 26. Qxg7+ Kd6 27. Qf8+ 1-0

[Event "Cheliabinsk Panchenko Memorial op-B"]
[Site "Cheliabinsk"]
[Date "2022.09.16"]
[Round "5"]
[White "Gamilova, Regina"]
[Black "Shnayder, Violetta"]
[Result "0-1"]
[WhiteElo "1644"]
[BlackElo "1881"]
[PlyCount "74"]
[EventDate "2022.09.12"]
[EventType "swiss"]
[EventRounds "10"]
[EventCountry "RUS"]
[SourceTitle "CBM 210 Extra"]
[Source "ChessBase"]
[SourceDate "2022.11.30"]
[SourceVersion "1"]
[SourceVersionDate "2022.11.30"]
[SourceQuality "1"]

1. e4 c6 2. d4 d5 3. e5 Bf5 4. Nf3 e6 5. Be2 h6 6. 0-0 Ne7 7. Nbd2 Bh7 8. c3 Nf5 9. Re1 Be7 10. Nf1 0-0 11. Bd3 Nh4 12. Nxh4 Bxd3 13. Qxd3 Bxh4 14. Ng3 Nd7 15. Be3 c5 16. f4 c4 17. Qe2 Bxg3 18. hxg3 f5 19. Kf2 Qe8 20. b3 Rc8 21. Qc2 Nb6 22. Bc1 Qc6 23. Ba3 Rf7 24. Bc5 Nd7 25. b4 Nxc5 26. bxc5 b6 27. cxb6 axb6 28. a4 Ra8 29. Reb1 Rfa7 30. Rb4 Ra5 31. Rab1 R8a6 32. Ke3 Rxa4 33. Rxa4 Rxa4 34. Rxb6 Qxb6 35. Qxa4 Qb2 36. Qa5 Qxg2 37. g4 fxg4 0-1

[Event "Cheliabinsk Panchenko Memorial op-B"]
[Site "Cheliabinsk"]
[Date "2022.09.14"]
[Round "3"]
[White "Gamilova, Regina"]
[Black "Dimitrova, Aleksandra"]
[Result "0-1"]
[WhiteElo "1644"]
[BlackElo "2160"]
[PlyCount "116"]
[EventDate "2022.09.12"]
[EventType "swiss"]
[EventRounds "10"]
[EventCountry "RUS"]
[SourceTitle "CBM 210 Extra"]
[Source "ChessBase"]
[SourceDate "2022.11.30"]
[SourceVersion "1"]
[SourceVersionDate "2022.11.30"]
[SourceQuality "1"]

1. e4 c5 2. Nf3 e6 3. d4 cxd4 4. Nxd4 Nc6 5. Nc3 Qc7 6. Be2 Nf6 7. Be3 a6 8. 0-0 Be7 9. f4 d6 10. Qe1 0-0 11. Kh1 Nxd4 12. Bxd4 b5 13. a3 Bb7 14. Qg3 Bc6 15. Rae1 Qb7 16. Bd3 a5 17. Nd1 g6 18. Nf2 Rac8 19. Bxf6 Bxf6 20. Ng4 Bg7 21. f5 h5 22. f6 hxg4 23. fxg7 Kxg7 24. Qxg4 e5 25. Re3 Qd7 26. Rf5 Rh8 27. Ref3 f6 28. Rg3 Rh6 29. Qf3 Qf7 30. h3 Bd7 31. Rh5 Rxh5 32. Qxh5 Rh8 33. Qe2 Rb8 34. Qd2 b4 35. axb4 Rxb4 36. b3 Be6 37. Qe3 Qb7 38. h4 a4 39. bxa4 Rxa4 40. h5 Ra1+ 41. Kh2 g5 42. Rf3 Qf7 43. Be2 Qxh5+ 44. Rh3 Qe8 45. Qc3 Ra7 46. Rd3 Qb8 47. Qc6 Ra1 48. Rd1 Rxd1 49. Bxd1 g4 50. Be2 Qh8+ 51. Kg1 Qh4 52. Qb7+ Kg6 53. Qb8 Qe1+ 54. Bf1 Bc4 55. Qe8+ Kg5 56. Qh8 Qxf1+ 57. Kh2 g3+ 58. Kxg3 Qf4+ 0-1